[List Augustína Roškovániho Františkovi Víťazoslavovi Sasinkovi]

List biskupa k predpísaným modlitbám

Bibliographic Details
Main Author: Roškováni, Augustín, 1807-1892 (Author)
Format: Manuscript Book
Language:Latin
PhysicalDescription:1 strana rukopis, voľný list 37 cm
Published: Nitriae 24.7.1874
Subjects:

MARC

LEADER 00000ntmaa2200000 a 4500
001 vtls012272320
003 SK-MaSNL
005 20260301232110.0
008 251104e1874 xo || 000 i lat
040 |a SNKLA  |b slo  |c SNKLA  |e AACR2 
041 0 |a lat 
044 |a xo  |c SK 
080 |a (044)  |2 2011 
080 |a 025.171  |2 2011 
080 |a 26‑534.3  |2 2011 
100 1 |a Roškováni, Augustín,  |d 1807-1892  |4 aut  |9 260872 
245 1 0 |a [List Augustína Roškovániho Františkovi Víťazoslavovi Sasinkovi]  |c Augustinus Eppiscopus Nitr. 
260 |a Nitriae  |c 24.7.1874 
300 |a 1 strana  |b rukopis, voľný list  |c 37 cm 
500 |a V pravom hornom rohu číslo 4 atramentovým perom 
500 |a Na rube číslo 4 s podčiarknutím napísané modrou pastelkou 
520 2 |a List biskupa k predpísaným modlitbám 
555 0 |a Inventár rukopisov Literárneho archívu Matice slovenskej VI. Archív Slovenského národného múzea. Fondy M 51 - 120. Martin : Matica slovenská 1977 
561 |a Okrúhla pečiatka: Museálna slovenská spoločnosť 
561 |a Okrúhla pečiatka: Matica slovenská Martin Archív literatúry a umenia 
650 0 7 |a modlitby  |2 SNKPH  |9 1743 
655 7 |a korešpondencia  |2 SNKPH  |9 60843 
655 7 |a listy  |2 SNKPH  |9 84490 
655 7 |a rukopisy  |2 SNKPH  |9 70548 
700 1 |a Sasinek, František Víťazoslav,  |d 1830-1914  |4 rcp  |9 8180 
752 |a Slovensko  |d Nitra 
852 |a SNK  |b Literárny archív 
958 |a MOF 
958 |a LAVD 
999 |c 960409  |d 962339 
952 |a SNKLA  |b SNKLA  |c SNKLA_DEP  |y NEVYP  |7 0  |p 17A1231046  |o snkM 90 B 67  |0 0  |1 0  |4 0  |d 2025-02-28  |f 1  |l 0  |r 2026-02-24 10:17:12  |w 2026-02-24